Audiovisual aids to instruction (Record no. 1322668)

MARC details
000 -LEADER
fixed length control field 00520nam a2200181Ia 4500
005 - DATE AND TIME OF LATEST TRANSACTION
control field 20250508150244.0
008 - FIXED-LENGTH DATA ELEMENTS--GENERAL INFORMATION
fixed length control field 008 250505s9999 xx 000 0 eng d
037 ## - SOURCE OF ACQUISITION
Stock number Reference
040 ## - CATALOGING SOURCE
Original cataloging agency FEDL
Language of cataloging eng
Transcribing agency FEDL
041 ## - LANGUAGE CODE
Language code of text/sound track or separate title eng
Source of code eng
084 ## - COLON CLASSIFICATION NUMBER
Classification number 371.335, EXT
Assigning agency FEDL
100 ## - MAIN ENTRY--PERSONAL NAME
Personal name Exton William
9 (RLIN) 322702
245 #0 - TITLE STATEMENT
Title Audiovisual aids to instruction
260 ## - PUBLICATION, DISTRIBUTION, ETC.
Place of publication, distribution, etc. New York, USA
Name of publisher, distributor, etc. McGraw Hill Book Company Inc
Date of publication, distribution, etc. 1947
300 ## - PHYSICAL DESCRIPTION
Extent xiii,344p
942 ## - ADDED ENTRY ELEMENTS (KOHA)
Koha item type Reference
Classification part 371.335, EXT
Holdings
Withdrawn status Lost status Damaged status Not for loan Home library Current library Date acquired Total Checkouts Full call number Barcode Date last seen Price effective from Koha item type
        Department of Education Library Department of Education Library 2025-05-08   371.335, EXT EL0001565 2025-05-08 2025-05-08 Reference
Copyright @ Delhi University Library System